LEADER 01707nam a2200361 i 4500 001 000000361521 003 CaOOAMICUS 005 20250131141316.0 008 250131s2024 be u000 u lat u 020 $a978-2-503-61464-9 040 $aSeMil$bita 041 1 $alat$afre 100 0 $aHieronymus,$c.$0(OLS)http://semarc/name/471 240 10$aCommentarii in prophetas minores.$0(OLS)http://semarc/title/429084 245 10$a6[A bis/4]: Commentarius in Zachariam /$ccura et studio Roger Gryson. 250 $aEditio altera 264 1$aTurnhout :$bBrepols,$c2024. 300 $a315 p. ;$c25 cm. 490 1 $aCorpus Christianorum. Series Latina ;$v76.-76A Bis 4 505 0 $aContiene: Explanationes in Zachariam prophetam libri tres 546 $aTesto in latino, introduzione in francese 650 4$aBibbia. Antico Testamento. Zaccaria - Commentari, studi, critica, interpretazioni.$0(OLS)http://semarc/subject/1410 700 1 $aGryson, Roger,$d<1938- >.$0(OLS)http://semarc/name/48 773 0 $aHieronymus $tS. Hieronymi presbyteri Opera exegetica.$dTurnhout : Brepols, 1959-$w()1481 830 0$aCorpus Christianorum. Series Latina ;$v76.-76A Bis 4.$0(OLS)http://semarc/title/37 850 $aSeMil 852 $aSeMil$W1$xVenegono$y1$mSL2.J I 76/A4 BIS$j254202$B252483$CSeMilBibl$Z2$F252483 $8I 900 0 $aGirolamo$c. 996 $6020$a978-2-503-61464-9$9(OLS)http://semarc/number/302360 996 $6245$a6[A bis/4]: Commentarius in Zachariam$9(OLS)http://semarc/title/452263 996 $6264$aTurnhout :$bBrepols$9(OLS)http://semarc/publisher/29626 LEADER 01258nam a2200277 i 4500 001 000000204563 003 CaOOAMICUS 005 20110801000000.0 008 110801s1968 it u000 u ita u 013 $a183290 040 $aSeMil$bita 100 1 $aCarmichael, Stokely.$0(OLS)http://semarc/name/73751 240 10$aBlack Power :$bthe politics of liberation in America.$0(OLS)http://semarc/title/296390 245 10$aStrategia del potere negro /$cStokely Carmichael e Charles V. Hamilton ; a cura di Roberto Giammanco. 260 $aBari :$bLaterza,$cstampa 1968. 300 $a245 p. ;$c18 cm. 490 0 $aTempi nuovi ;$v1 500 $aContiene : Nota bibliografica. 650 4$aAfroamericani - Stati Uniti d'America - Diritti politici e civili.$0(OLS)http://semarc/subject/38534 700 1 $aGiammanco, Roberto,$d<1926-2013>.$0(OLS)http://semarc/name/8828 700 1 $aHamilton, Charles V.$0(OLS)http://semarc/name/73752 830 0$aTempi nuovi ;$v1.$0(OLS)http://semarc/title/6928 850 $aSeMil 852 $aSeMil$W1$xVenegono$y1$m3U I 406$j155057$B155057$CSeMilBibl$Z2$F165962 $81 996 $6245$aStrategia del potere negro$9(OLS)http://semarc/title/296389 996 $6260$aBari :$bLaterza$9(OLS)http://semarc/publisher/29858